000 00767nam a2200265Ia 4500
003 OSt
005 20221005083810.0
006 a|||||r|||| 00| 0
007 ta
008 221004b |||||||| |||| 00| 0 eng d
020 _a9789382618188 (pbk)
_cIndian Rupees 175
024 _a70609
037 _bGift, 04/12/2021,
_cTextual
040 _aCRL
_cCRL
_beng
041 _2eng
_aeng
082 _aO111,3N712,SW, Q2
100 _aShenoy Preeti Au.
_9611957
245 0 _aSecret wish list
260 _aNew Delhi
_bWestiand India
_c2012
300 _a260p.
_ccm.
650 _a ENGLISH LITERATURE
650 _aENGLISH FICTION
942 _hO111,3N712,SW, Q2
_cTEXL
_2cc
999 _c991549
_d991549